Sword Art Online (Gun Gale Online Quiz) - Statistics

General Stats
  • This quiz has been taken 238 times
  • The average score is 5 of 15
Answer Stats
Hint Answer % Correct
Kirito's Girlfriend Asuna
80%
Kirito's GGO Buddy Sinon
68%
Sinon's real name Asada
64%
Can You Get Yen From GGO Yes
62%
Kirito's Sister Suguha
56%
How Kirito Dies In B.O.B Grenade
42%
Kirito's Sword Name Lightsaber
39%
Death Gun's sword art online name Zaza
24%
How Much Money Does Kirito Get From Untouchable 302000
13%
Kirito's Handgun FN Five Seven
10%
What Is Gunner X's Real Name Musketeer X
10%
Death Gun's Original Gun Black Star Type 54
8%
Kirito's type of sword Lazer Sword
8%
Who Is 2nd Last To Die In B.O.B Besides Kirito and Sinon Dark Wind
6%
Sinon's Gun Ratio Hectate 2
3%
No matching quizzes found
Score Distribution
Percent of People with Each Score
Percentile by Number Answered
Your Score History
You have not taken this quiz